Integrationsarten bei hybriden Leistungsangeboten

Podstata hybridných služieb, ich systematizácia a charakteristika.

Na minha lista:
Detalhes bibliográficos
Autor principal: Schmidt, Simon
Outros Autores: Markovič, Peter, 1974-
Formato: Capítulo de Livro
Idioma:alemão
Assuntos:
Tags: Adicionar Tag
Sem tags, seja o primeiro a adicionar uma tag!

MARC

LEADER 00000naa a2200000 4500
001 0240119
005 20240502073909.2
041 0 |a ger 
044 |a SK 
245 1 0 |a Integrationsarten bei hybriden Leistungsangeboten  |c Simon Schmidt, Peter Markovič 
520 |a Podstata hybridných služieb, ich systematizácia a charakteristika. 
610 2 0 |a reťazce dodávateľsko-odberateľské 
610 2 0 |a reťazce distribučné 
610 2 0 |a manažment strategický 
610 2 0 |a spokojnosť zákazníkov 
610 2 0 |a integrácia 
100 1 |a Schmidt, Simon 
700 1 |a Markovič, Peter, 1974-